| 000 | 00604nam a2200229Ia 4500 | ||
|---|---|---|---|
| 008 | 160303s9999 xx 000 0 und d | ||
| 020 | _a971-08-6737-7 | ||
| 050 | _aFIL KPM 3290 | ||
| 050 | _b.A73 2007 | ||
| 100 | _aAralar, Reynaldo B. | ||
| 245 | _aReal property tax : | ||
| 245 | _blaw and jurisprudence / | ||
| 245 | _cReynaldo B. Aralar. | ||
| 260 | _aMandaluyong: | ||
| 260 | _bNational Book Store, | ||
| 260 | _c2007 | ||
| 300 | _a260 pages : | ||
| 300 | _billustrations ; | ||
| 300 | _c23 cm. | ||
| 650 | _aReal property tax -- | ||
| 650 | _xLaw and legislation -- Philippines. | ||
| 999 |
_c291352 _d291352 |
||